1905 1236 1140 1135 1775 1321 1746 1886 1027 1015 1632 1285 1472 1855 1716 1358 1418 1613 1159 1252 1970 1047 1810 1028 1121 1466 1990 1504 1324 1087 1917 1661 1041 1893 1022 1134 1719 1707 1114 1366 1779 1989 1585 1230 1852 1950 1765 1102 1884 1005 1139 1897 1322 1386 1338 1671 1586 1886 1153 1079 1435 1772 1639 1004 1869 1428 1151 1866 1929 1909 1004 1384 1240 1761 1387 1398 1870 1020 1044 1031 1036 1921 1785 1661 1037 1982 1149 1633 1636 1783 1234 1844 1351 1614 1891 1308 1105 1115 1014 BCNSPRNW ULIB Ver.6.0+V

เปลี่ยนเป็นภาษาไทย

Change to English
 แสดงรายละเอียดบรรณานุกรม
  กลับหน้าหลัก

Brief Record : Get Marc (ISO 2709) : E-mail record : QR code < ปิดหน้าต่าง
LEADER : 00000nam 2200000uu 4500
001    13399114339
003     ULIB
008    120322s2551||||th 000 0 tha d
020    ^a9789741654345
090    ^aนว.^bน713ล 2551
100 0  ^aนีรดา
245 00 ^aเล่ห์รักพายุปรารถนา/^cนีรดา
250    ^aพิมพ์ครั้งที่ 1
260    ^aกรุงเทพฯ :^bsugar beat,^c2551
300    ^a247 หน้า
710 1  ^asugar beat
945    ^p160^l0^i15300
995    ^aกัณชพร
999    ^aใช้งานได้ทุกระบบ
รายการนี้ยังไม่มีแท็ก
คุณยังไม่ได้ล็อกอิน คุณสามารถมีกิจกรรมร่วมกับเว็บไซต์ได้ แต่ต้องล็อกอินก่อน ::
  ล็อกอิน

รายการสื่อสารสนเทศ

ลำดับที่ ประเภท เลขเรียก/บาร์โค้ด สถานที่ สถานะ
1. วิทยาศาสตร์การแพทย์ และสุขภาพ
วิทยาศาสตร์การแพทย์ และสุขภาพ
นว. น713ล 2551  
  Barcode: 15300
ห้องสมุดวิทยาเขตสวรรค์ประชารักษ์
►นวนิยาย
บนชั้น
  ขอยืม

BibComment


ยังไม่เคยถูกคอมเมนท์

คอมเมนท์ทรัพยากรรายการนี้
  คอมเมนท์: เล่ห์รักพายุปราร..


 Copyright 2026. Bcnsprnw @Library